دراسة معملية صوتية للأخطاء فى نطق الصوامت العربية لدى نماذج من غير الناطقين بها مع اقتراح وسائل عملية لعلاجها
محفوظ في:
| المؤلف الرئيسي: | |
|---|---|
| مؤلفون آخرون: | |
| التنسيق: | أطروحة |
| اللغة: | Arabic |
| منشور في: |
خرطوم
: معهد خرطوم دولى غة عربية،
1984
|
| الموضوعات: | |
| الوسوم: |
إضافة وسم
لا توجد وسوم, كن أول من يضع وسما على هذه التسجيلة!
|
| LEADER | 013670000a22002890004500 | ||
|---|---|---|---|
| 001 | 80045 | ||
| 005 | 20021114210600.0 | ||
| 008 | 940226s1984 ara | ||
| 035 | |a 301128 | ||
| 035 | |a (Sirsi) 80045 | ||
| 040 | |a UIAM |b eng | ||
| 049 | |b m | ||
| 050 | |a PJ6122 | ||
| 100 | 1 | |a عبد الحليم، محمد علي | |
| 245 | 1 | 0 | |a دراسة معملية صوتية للأخطاء فى نطق الصوامت العربية لدى نماذج من غير الناطقين بها مع اقتراح وسائل عملية لعلاجها |
| 246 | 0 | 0 | |a Dirasah ma'maliyah sawtiyah lil-akhta' fi nutq al-sawamit al-'Arabiyah lada namadhij min ghayr al-natiqin bi-ha ma'a iqtirah wasa'il 'amaliyah li-'ilajiha / |c i'dad Muhammad 'Ali 'Abd al-Halim; ishraf Sa'd Masluh |
| 260 | 1 | |a خرطوم |b : معهد خرطوم دولى غة عربية، |c 1984 | |
| 300 | |a 52, <8> p. | ||
| 502 | |a (M.A.)--Ma'had al-Khurtum al-Dawli lil-Lughat al-'Arabiyah, 1984 | ||
| 596 | |a 1 | ||
| 650 | 0 | |a Arabic language |x Phonetics | |
| 650 | 0 | |a Arabic language |x Study and teaching Foreign speakers | |
| 655 | 0 | 7 | |a Theses, non-IIUM |
| 700 | 1 | |a 'Abd al-Halim, Muhammad 'Ali | |
| 900 | |a checked a r r 120794 | ||
| 999 | |c 430400 |d 461891 | ||
| 952 | |0 0 |6 T PJ 006122 A1352D 1984 |7 0 |8 THESES |9 749654 |a IIUM |b IIUM |c MULTIMEDIA |g 0.00 |o t PJ6122A1352D 1984 |p 00000301132 |r 2017-10-20 |t 1 |v 0.00 |y THESIS | ||
